000 00407nam a22001697a 4500
005 20241016102940.0
008 160623b xxu||||| |||| 00| 0 eng d
020 _a81-219-2524-X
041 _aeng
082 _b9100
100 _aKhurmi, R.S. and Gupta, J.K.
_92440
245 _aTHEORY OF MACHINE
260 _aNew Delhi
_bSultan Chand & Sons,
300 _a1062
650 _aManagement
942 _cBK
999 _c3671
_d3670